000 00594cam a22002053a 4500
001 38727
003 PGUSA
005 20140828083844.0
008 120131s2012||||xxu|||||s|||||000 | eng d
040 _aPGUSA
_beng
042 _adc
100 1 _aShelley, Percy Bysshe,
_d1792-1822
245 1 2 _aA Vindication of Natural Diet.
_h[electronic resource] /
_cPercy Bysshe Shelley
260 _bProject Gutenberg,
_c2012
506 _aPublic domain in the USA.
516 _aElectronic text
830 0 _aProject Gutenberg
_v38727
856 4 0 _uhttp://www.gutenberg.org/ebooks/38727
942 _cEB
999 _c267981
_d267981